Normal view
MARC view
- Supervison Dr.Muhammad Mubasher Saleem
Entry Personal Name
001 - CONTROL NUMBER
- control field: 70114
003 - CONTROL NUMBER IDENTIFIER
- control field: NUST
005 - DATE AND TIME OF LATEST TRANSACTION
- control field: 20210628204355.0
008 - FIXED-LENGTH DATA ELEMENTS
- fixed length control field: 210628|| aca||aabn | a|a d
040 ## - CATALOGING SOURCE
- Original cataloging agency: NUST
- Transcribing agency: NUST
100 ## - HEADING--PERSONAL NAME
- Personal name: Supervison Dr.Muhammad Mubasher Saleem
670 ## - SOURCE DATA FOUND
- Source citation: Work cat.: (NUST): Azka Asif 70112, TH-SOF-1717-Development of Microstructure for Mechanical Fatigue Testing of Thin Film Silicon used for Fabrication of MEMS Inertial Sensors, 2019
